000 00471nam a2200145Ia 4500
008 100204s9999 xx 000 0 und d
082 _b18657
100 _aकाळे किशोर शांताबाई
245 _aआई तुझ लेकरु
260 _b"आपलं प्रकाशन, मुंबई"
_c1995
300 _a56
630 _aआई तुझ लेकरु
730 _aआई तुझ लेकरु
942 _cBOOK
999 _c463080
_d463077